000 00791nam a22002411 4500
001 12644
003 BD-RjUL
005 20211208235330.0
008 140129r19721966ii a b 001 0 eng
035 _a(BD-RjUL)12693
040 _aDLC/ICU
_cICU
_dDLC
_dBD-RjUL
_beng
041 _aeng
082 0 0 _a576.5
_bWIG 1972
100 1 _aWinchester, A. M.
_q(Albert McCombs),
_d1908-
_935949
245 1 0 _aGenetics :
_ba survey of the principles of heredity /
_cby A. M. Winchester.
250 _a3rd ed.
260 _aIndia ;
_aBoston :
_bOxford & IBH Pub. Co. Ltd. ;
_bHoughton Mifflin,
_c1966 [Reprint 1972]
300 _avii, 504 p. :
_bill. ;
_c25 cm.
504 _aIncludes bibliographical references and index.
650 0 _aGenetics.
_939372
942 _2ddc
_cBK
999 _c12644
_d12644